000 00651nam a2200205Ii 4500
003 JO-AjNU
008 230605s9999||||xx |||||||||||||| ||und||
040 _aJO-AjNU
_bara
_erda
_cJO-AjNU
041 _aara
050 1 4 _aB780.W5 Y3992 1998
100 3 _aاليازجي،ندره,
_eauthor
_911224
245 0 0 _aالاعمال الكاملة: الرسائل الانسانية، مج1
250 _aط1
264 3 1 _aدمشق:دار الغربال،1998
300 _aمج1، 303ص
336 _atext
_btxt
_2rdacontent
337 _aunmediated
_bn
_2rdamedia
338 _avolume
_bnc
_2rdacarrier
650 4 _aالفلسفة-المادية
_911225
999 _aA2212
_c5780
_d5780